000 00692nam a2200241Ia 4500
003 OSt
005 20220918214255.0
006 a|||||r|||| 00| 0
007 ta
008 220917b |||||||| |||| 00| 0 eng d
024 _a136,619
037 _cTextual
040 _aARTS
_cARTS
_beng
041 _2eng
_aeng
082 _aX9H191.6.N6, L0
100 _aLenzen Godehard
_9130559
245 0 _aHistory of diamond production and the diamond trade tr from the German by Bradley
260 _aLondon
_bBarrie and Jenkins
_c1970
300 _av,227p.
_ccm.
650 _aECONOMICS
942 _hX9H191.6.N6, L0
_cTEXL
_2CC
999 _c259709
_d259709